000 00240nam a2200109Ia 4500
008 230724s1999 xx und d
041 _aeng
100 _aNARAYAN R.K.
245 _aTHE BACHELOR OF ARTS.
260 _c1999
300 _a166
999 _c1172972
_d1172972